00520nam a2200181Ia 4500008004100000020001500041041000800056082001900064100001900083245003100102260003900133300000800172365001300180700001500193942001200208999001900220952009900239140306s9999 xx 000 0 und d a8131704718 aeng a658.87bCOX/RE aPaul, Brittain aRetailing: An Introduction aNew DelhibPearson Educationc2004 a348 bRs.225/- aRoger, Cox 2ddccBK c188075d188075 00102ddc4070aKAUCBVbKAUCBVg225.00l0o658.87 COX/REr2014-03-22 00:00:00w2014-03-22yBK